7 records de l'équipe de France en général. - Statistiques

Statistiques générales
  • Ce quiz a été pris 31 fois
  • Le résultat moyen est 4 sur 7
Statistiques - réponses
Données Score Adversaire Date Lieu % Correct
Plus large victoire 14-0 Gibraltar 18 novembre 2023 Nice
93%
Plus large victoire à domicile 14-0 Gibraltar 18 novembre 2023 Nice
93%
Plus large défaite 1 – 17 Danemark 22 octobre 1908 Londres
64%
Plus large défaite en terrain neutre 1 – 17 Danemark 22 octobre 1908 Londres
64%
Plus large victoire à l'extérieur 0 – 7 Chypre 11 octobre 1980 Limassol
54%
Plus large défaite à domicile 0 – 15 Angleterre amateur 1er novembre 1906 Paris
4%
Plus large défaite à l'extérieur 12 – 0 Angleterre amateur 23 mars 1908 Londres
4%
Aucun quiz correspondant
Distribution des résultats
% des personnes avec chaque résultat
Percentile par nombre de réponses
Votre historique - résultats
Vous n’avez pas pris ce quiz